000 00541nam a2200181Ia 4500
005 20250508152511.0
008 008 250505s9999 xx 000 0 eng d
037 _aTextual
040 _aFEDL
_beng
_cFEDL
041 _aeng
_2eng
084 _a294.5, MOT
_qFEDL
100 _aMotwani Kewal
245 0 _aManu dharma sastra : A sociological and historical study
260 _aMadras, India
_bGanesh and Co. (Madras) Private Ltd.
_c1958
300 _axxviii,384p.
942 _cTEXL
_h294.5, MOT
999 _c1336822
_d1336822